<?xml version="1.0" encoding="UTF-8"?>
<record
    xmlns:xsi="http://www.w3.org/2001/XMLSchema-instance"
    xsi:schemaLocation="http://www.loc.gov/MARC21/slim http://www.loc.gov/standards/marcxml/schema/MARC21slim.xsd"
    xmlns="http://www.loc.gov/MARC21/slim">

  <leader>01609nam a22002297a 4500</leader>
  <controlfield tag="003">OSt</controlfield>
  <controlfield tag="005">20231016114034.0</controlfield>
  <controlfield tag="008">151029b        xxu||||| |||| 00| 0 eng d</controlfield>
  <datafield tag="020" ind1=" " ind2=" ">
    <subfield code="a">978070254426</subfield>
  </datafield>
  <datafield tag="040" ind1=" " ind2=" ">
    <subfield code="c">LC</subfield>
  </datafield>
  <datafield tag="050" ind1=" " ind2=" ">
    <subfield code="a">RT42.N14</subfield>
  </datafield>
  <datafield tag="100" ind1=" " ind2=" ">
    <subfield code="a">Naidoo, Jennie.</subfield>
    <subfield code="9">2574</subfield>
  </datafield>
  <datafield tag="245" ind1=" " ind2=" ">
    <subfield code="a">Foundations for health promotion. /</subfield>
    <subfield code="c">Jennie Naidoo, Jane Wills</subfield>
  </datafield>
  <datafield tag="250" ind1=" " ind2=" ">
    <subfield code="a">4th. ed.</subfield>
  </datafield>
  <datafield tag="260" ind1=" " ind2=" ">
    <subfield code="a">London:</subfield>
    <subfield code="b">Elsevier,</subfield>
    <subfield code="c">2016.</subfield>
  </datafield>
  <datafield tag="300" ind1=" " ind2=" ">
    <subfield code="a">ix, 335p.:</subfield>
    <subfield code="b">ills. glossary, index ;</subfield>
    <subfield code="c">28cm.</subfield>
  </datafield>
  <datafield tag="500" ind1=" " ind2=" ">
    <subfield code="a">Includes glossary and index.</subfield>
  </datafield>
  <datafield tag="505" ind1=" " ind2=" ">
    <subfield code="a">Content: Conceptual foundations and theoretical approaches: Health promotion: Past, present, and future -- Nursing concepts and health promotion -- Theoretical foundations of health promotion -- The role of the nurse in health promotion -- Factors influencing health promotion: Communication -- Cultural considerations -- Environmental considerations -- Environmental factors -- The mind-body-spirit connection -- Promoting health throughout the life cycle: Promoting mother, infant, and toddler health -- The child -- The adolescent and young adult -- The middle-aged adult -- The older adult -- Health promotion through end-of-life -- Health-promotion strategies and interventions: Embracing proper nutrition -- Engaging in physical fitness -- Controlling weight -- Avoiding tobacco, alcohol, and substance abuse -- Enhancing holistic care -- Health-promotion concerns: Concerns of the health professional -- Economic and quality concerns -- Ethical, legal, and political concerns.</subfield>
  </datafield>
  <datafield tag="650" ind1=" " ind2=" ">
    <subfield code="a">Health Promotion</subfield>
    <subfield code="9">148</subfield>
  </datafield>
  <datafield tag="700" ind1=" " ind2=" ">
    <subfield code="a">Wills, Jane</subfield>
    <subfield code="9">2575</subfield>
  </datafield>
  <datafield tag="942" ind1=" " ind2=" ">
    <subfield code="2">lcc</subfield>
    <subfield code="c">BK</subfield>
  </datafield>
  <datafield tag="999" ind1=" " ind2=" ">
    <subfield code="c">7351</subfield>
    <subfield code="d">14851</subfield>
  </datafield>
  <datafield tag="952" ind1=" " ind2=" ">
    <subfield code="0">0</subfield>
    <subfield code="1">0</subfield>
    <subfield code="2">lcc</subfield>
    <subfield code="4">0</subfield>
    <subfield code="7">0</subfield>
    <subfield code="a">WIUC-KL</subfield>
    <subfield code="b">WIUC-KL</subfield>
    <subfield code="c">NURS L.</subfield>
    <subfield code="d">2019-06-28</subfield>
    <subfield code="o">RT42.N14(4e)</subfield>
    <subfield code="p">KSN/175/19</subfield>
    <subfield code="r">2020-06-15 00:00:00</subfield>
    <subfield code="w">2020-06-15</subfield>
    <subfield code="y">BK</subfield>
  </datafield>
  <datafield tag="952" ind1=" " ind2=" ">
    <subfield code="0">0</subfield>
    <subfield code="1">0</subfield>
    <subfield code="2">lcc</subfield>
    <subfield code="4">0</subfield>
    <subfield code="7">0</subfield>
    <subfield code="a">WIUC-KL</subfield>
    <subfield code="b">WIUC-KL</subfield>
    <subfield code="c">NURS L.</subfield>
    <subfield code="d">2019-06-28</subfield>
    <subfield code="o">RT42.N141(4e)</subfield>
    <subfield code="p">KSN/176/19</subfield>
    <subfield code="r">2020-06-15 00:00:00</subfield>
    <subfield code="t">2</subfield>
    <subfield code="w">2020-06-15</subfield>
    <subfield code="y">BK</subfield>
  </datafield>
</record>
